00242nam a2200109 a 4500008004100000050001500041100002800056245001800084250001200102260000900114350000900123120416s1972 xx |||||||||||||| || u aTD 883 Fai aFaith, William Lawrence10aAir pollution a2nd ed. c1972 a0.00